Loading...
| Current Events | 1 | 20.00 | 100% | 100% | 0% |
| Fine Arts - Classical Music | 5 | 22.00 | 80% | 100% | 40% |
| Fine Arts - Other | 6 | 23.33 | 100% | 100% | 33% |
| Fine Arts - Painting and Sculpture | 4 | 22.50 | 100% | 100% | 25% |
| Geography | 1 | 30.00 | 100% | 100% | 100% |
| History - American | 7 | 17.14 | 143% | 86% | 0% |
| History - Ancient/Other | 3 | 20.00 | 100% | 100% | 0% |
| History - European | 4 | 17.50 | 100% | 50% | 25% |
| History - Other | 1 | 20.00 | 100% | 100% | 0% |
| History - World | 9 | 22.22 | 100% | 89% | 33% |
| Literature - American | 6 | 18.33 | 100% | 67% | 17% |
| Literature - British | 5 | 20.00 | 100% | 60% | 40% |
| Literature - European | 6 | 20.00 | 100% | 67% | 33% |
| Literature - World | 4 | 25.00 | 100% | 100% | 50% |
| Mythology | 6 | 20.00 | 100% | 67% | 33% |
| Other Academic | 1 | 20.00 | 100% | 100% | 0% |
| Philosophy | 8 | 23.75 | 100% | 88% | 50% |
| Religion | 7 | 21.43 | 100% | 86% | 29% |
| Science - Biology | 4 | 20.00 | 75% | 100% | 25% |
| Science - Chemistry | 5 | 14.00 | 100% | 20% | 20% |
| Science - Other | 4 | 17.50 | 100% | 75% | 0% |
| Science - Physics | 5 | 22.00 | 80% | 80% | 60% |
| Social Science | 5 | 24.00 | 100% | 80% | 60% |